| 000 | 01098nam a22002057a 4500 | ||
|---|---|---|---|
| 003 | BD-DhUL | ||
| 005 | 20220703142328.0 | ||
| 008 | 220703s2020 bg ||||| |||| 00| 0 ben | ||
| 020 | _a9789843487957 (pbk) | ||
| 040 |
_aBD-DhUL _cBD-DhUL |
||
| 082 |
_a338.95492 _bSES |
||
| 110 | 2 | _aসেন্টার ফর পলিসি ডায়লগ (সিপিডি) | |
| 245 | 0 | 0 |
_aসমসাময়িক উন্নয়ন চিন্তা : _b২০১৯ সালে মিডিয়াতে প্রকাশিত সিপিডি'র নির্বাচিত বক্তব্যসমূহ : খ.৪ / _cসেন্টার ফর পলিসি ডায়লগ (সিপিডি) । |
| 260 |
_aঢাকা : _bসেন্টার ফর পলিসি ডায়লগ (সিপিডি), _c২০২০ । |
||
| 300 |
_aখ. ; _c২১ সেমি. |
||
| 365 |
_aBDT _b350.00 |
||
| 650 | 4 |
_aঅর্থনৈতিক উন্নয়ন _zবাংলাদেশ । |
|
| 650 | 4 |
_aEconomic dvelopment _zBangladesh. |
|
| 942 |
_2ddc _cBK |
||
| 999 |
_c256512 _d256512 |
||